| 000 | 00589nam a22001577a 4500 | ||
|---|---|---|---|
| 003 | NUST | ||
| 038 | _aNusrat Nadeem | ||
| 082 | _a200 | ||
| 100 |
_aAlishba Jawwad, _9133507 |
||
| 245 |
_aUnderstanding HIV/AIDS Knowledge and Discriminatory Attitudes in Pakistan: The Role of Socioeconomic Factors, Multidimensional Poverty, and Awareness Intervention/ _cJawwad, Alishba |
||
| 264 |
_aIslamabad: _bS3H NUST. _c2025. |
||
| 650 |
_aMS-Economics _9123068 |
||
| 700 |
_aSupervisor: Dr. Wajiha Haq _9114415 |
||
| 856 | _uhttp://10.250.8.41:8080/xmlui/handle/123456789/57428 | ||
| 942 |
_2ddc _cSC |
||
| 999 |
_c616466 _d616466 |
||